Coaching and mentoring for business

Kaydedildi:
Detaylı Bibliyografya
Yazar: McCARTHY, Grace
Materyal Türü: Kitap
Dil:İngilizce
Baskı/Yayın Bilgisi: SAGE 2014
Etiketler: Etiketle
Etiket eklenmemiş, İlk siz ekleyin!

MARC

LEADER 00000nam a22000007a 4500
008 201210b ||||| |||| 00| 0 eng d
020 |a 978-0-85702-336-0 
100 |a McCARTHY, Grace 
245 |a  Coaching and mentoring for business  |c Grace McCarthy  |g 232p.; ill. 
260 |b SAGE  |c 2014  |h Los Angeles  |i 691982   |i 691983   |l HF5385 .M13  |m Monitoring in business.  |m Employees – Coaching of.  
500 |a It includes bibliographical references and index”. 
942 |a lcc  |c BK  |e O.A.JOHNSON  |f 10/12/20 
952 |0 0  |1 0  |2 lcc  |4 0  |6 HF5385 M13  |7 0  |9 295  |a HOL  |b MPL  |c GJ  |d 2020-12-10  |l 0  |o HF5385 .M13  |p 2020-2032  |r 2020-12-10 00:00:00  |w 2020-12-10  |y BK 
952 |0 0  |1 0  |2 lcc  |4 0  |6 HF5385 M13  |7 0  |9 296  |a HOL  |b HOL  |c GJ  |d 2020-12-10  |l 0  |o HF5385 .M13  |p 2020-2033  |r 2020-12-10 00:00:00  |w 2020-12-10  |y BK 
999 |c 131  |d 131